Sports Quiz

Random Sports or Decade Quiz

Most 20-HR/20-SB Seasons by Decade Quiz Stats

Quiz not verified by Sporcle

Challenge
Share
Tweet
Embed
Score 0/56 Timer 10:00
0 Plays Today
Decade Player % Correct
1960sBobby Bonds
94.3%
1970sBobby Bonds
94.3%
1990sBarry Bonds
94.3%
1990sAlex Rodriguez
88%
2000sAlex Rodriguez
88%
1960sWillie Mays
85.4%
1980sRickey Henderson
77.2%
1960sHank Aaron
67%
2000sAlfonso Soriano
65.7%
2000sHanley Ramirez
62.2%
1980sPedro Guerrero
59%
2000sJimmy Rollins
56.8%
1970sJoe Morgan
56.2%
1990sSammy Sosa
55.5%
2000sCarlos Beltran
54.7%
1990sJeff Bagwell
53.1%
1980sHoward Johnson
52.9%
1970sReggie Jackson
52.1%
1980sReggie Jackson
52.1%
1990sCraig Biggio
51%
1970sAndre Dawson
48.5%
1980sAndre Dawson
48.5%
1960sFrank Robinson
47.9%
1970sMike Schmidt
47.6%
1980sEric Davis
47.5%
1990sEric Davis
47.5%
1960sWillie Davis
47.3%
1980sDarryl Strawberry
47.1%
Decade Player % Correct
2000sBobby Abreu
41.2%
1980sDale Murphy
40.4%
1990sBrady Anderson
39.4%
1960sLou Brock
36.3%
1980sJoe Carter
34.1%
2000sGrady Sizemore
31.3%
2000sPreston Wilson
29.6%
1990sRon Gant
27.7%
1970sDave Parker
24.8%
2000sBrandon Phillips
24.4%
1990sReggie Sanders
22.1%
1980sKirk Gibson
19.6%
1980sAndy Van Slyke
18.6%
1980sAlan Trammell
18.3%
1990sRay Lankford
18.2%
1990sRaul Mondesi
18.1%
2000sRaul Mondesi
18.1%
2000sMike Cameron
17.9%
1970sCesar Cedeno
17.2%
1960sDick Allen
16.3%
1970sDon Baylor
16.1%
1960sJimmy Wynn
11.3%
1960sVada Pinson
10.1%
1980sLloyd Moseby
9.9%
1960sPaul Blair
5.2%
1960sTommie Agee
4.8%
1970sToby Harrah
3.4%
1960sBobby Tolan
3%

You're not logged in!

Compare scores with friends on all Sporcle quizzes.
Sign Up with Email
OR
Log In

You Might Also Like...

Show Comments

Extras

Top Quizzes Today


Score Distribution

Your Account Isn't Verified!

In order to create a playlist on Sporcle, you need to verify the email address you used during registration. Go to your Sporcle Settings to finish the process.

Report this User

Report this user for behavior that violates our Community Guidelines.

Details: